[Event "Nittenau-ch 14th"]
[Site "Nittenau"]
[Date "2014.09.07"]
[Round "4"]
[White "Weber, Helmut"]
[Black "Stoeckl, Maximilian"]
[Result "1-0"]
[WhiteElo "1518"]
[BlackElo "1282"]
[PlyCount "73"]
[EventDate "2014.09.05"]
[EventType "swiss"]
[EventRounds "5"]
[EventCountry "GER"]
[SourceTitle "CBM 162 Extra"]
[Source "ChessBase"]
[SourceDate "2014.10.17"]
[SourceVersion "1"]
[SourceVersionDate "2014.10.17"]
[SourceQuality "1"]

1. e4 e6 2. d3 d5 3. Nd2 Nf6 4. Ngf3 c5 5. g3 Nc6 6. Bg2 b6 7. 0-0 Bb7 8. Re1 Be7 9. c3 0-0 10. h4 Ba6 11. Qc2 Rc8 12. Nf1 dxe4 13. dxe4 Bd3 14. Qa4 a5 15. Ng5 b5 16. Qd1 b4 17. e5 Ne8 18. Bxc6 Rxc6 19. Qf3 Qd5 20. Ne3 Qxf3 21. Nxf3 Nc7 22. c4 Rd8 23. Rd1 Be4 24. Rxd8+ Bxd8 25. Nd2 Bd3 26. b3 Ne8 27. f4 Rc7 28. Ng4 Rd7 29. Nf2 g6 30. Nde4 Bxe4 31. Nxe4 Bb6 32. Be3 Rc7 33. Rd1 Rc6 34. Kf2 Kg7 35. Rd7 h5 36. Ng5 Rc7 37. Nxe6+ 1-0